000
00300nam a22001097a 4500
008
230704b xxu||||| |||| 00| 0 eng d
082
_a
362.1
_b
CAR 2004
245
_a
Improving the Health of the World's Poorest People
260
_b
Population Reference Bureau
_c
2004
300
_a
34p
942
_2
ddc
_c
BK
999
_c
3755
_d
3755